00356nam a2200121Ia 4500008004100000020001500041041001200056100002100068245007900089260004800168300000800216650001000224221030s9999 xx 000 0 und d a9380386737 aEnglish aD. K. Chaturvedi 0aElectrical Machines : Lab Manual with MATLAB Programscby D. K. Chaturvedi bUniversities Science PressaNew Delhic2014 a286 aBB EE